000 01205nam a22003377a 4500
003 URS
005 20260204145111.0
008 251022b |||||||| |||| 00| 0 eng d
020 _a978-621-08-0121-7
040 _erda
_cURS
_bEnglish
050 _aGV 341
_b.P2735 2025
245 1 0 _aPhysical activities toward health and fitness PATHFIT 4 team sports :
_bbasketball and volleyball /
_cJohn Paul R Domingo...[et.al.].
264 1 _cMalabon City :
_aMutya Publishing House,
_b©2025.
300 _a[iv], 99 pages ;
_billustrations ,
_c25 cm.
336 _atext
_btxt
_2rdacontent
337 _aunmediated
_bn
_2rdamedia
338 _avolume
_bnc
_2rdacarrier
504 _aIncludes appendices and bibliographical references.
650 0 _aPhysical education and training.
650 _aTeam Sports.
650 _aPhysical education and training.
650 _aSports.
650 _aVolleyball.
650 _aBasketball.
700 _aDomingo, John Paul R.,
_eauthor.
_96553
700 _aDel Rosario, Jhomel E.,
_eauthor.
_96554
700 _aDel Rosario, Leo S.,
_eauthor.
_96555
700 _aVelasco, Venus S.,
_eauthor.
_96556
700 _aAmil, Centhony L.,
_eauthor.
_96557
942 _2lcc
_cF
999 _c87415
_d87412